| 000 | 00967nam a22002057a 4500 | ||
|---|---|---|---|
| 999 |
_c15659 _d15659 |
||
| 003 | AR-CdUCM | ||
| 008 | 190429b ||||| |||| 00| 0 spa d | ||
| 040 |
_aMUNICIPALIDAD PROVINCIAL DEL CUSCO _cBIBLIOTECA MUNICIPAL DEL CUSCO |
||
| 082 |
_a634.614 / _bD68 |
||
| 100 |
_aDiaz Cartagena, Alejandro. _934803 |
||
| 245 | _aManual de prevención y control de incendios forestales / | ||
| 260 |
_aLima : _bTalleres gráficos de Barrientos impresores y editores S.A., _c1989. |
||
| 300 |
_a56 páginas ; _c20 cm. |
||
| 500 | _aPublicado con el auspicio del Concytec, ministerio de la república, consejo nacional de ciencia y tecnología. | ||
| 505 | _aContenido :Reporte de los incendios forestales ocurridos en el Perú -- Manual de prevención y control de incendios forestales -- Método del ataque -- Herramientas forestales -- Dispositivos legales ... | ||
| 650 |
_aFlora. _920658 |
||
| 650 |
_aFauna. _925064 |
||
| 942 |
_2ddc _cLIBROS |
||
| 945 |
_arum1 _d2019-04-29 |
||